北海道内の数字がつく駅 - Statistics

General Stats
  • This quiz has been taken 11 times
  • The average score is 25 of 46
Answer Stats
事業者 路線 数字 駅名 % Correct
JR北海道 留萌本線 北一已
80%
JR北海道 宗谷本線 旭川四条
80%
JR北海道 札沼線 (学園都市線) 八軒
80%
札幌市交通局 南北線 北12条
70%
札幌市交通局 東西線 南郷13丁目
70%
札幌市交通局 東西線 南郷18丁目
70%
札幌市交通局 南北線 北12条
70%
札幌市交通局 南北線 北24条
70%
札幌市交通局 東西線 南郷13丁目
70%
札幌市交通局 南北線 北24条
70%
JR北海道道南いさりび鉄道 函館本線道南いさりび鉄道線 五稜郭
70%
札幌市交通局 東西線 南郷18丁目
70%
札幌市交通局 山鼻線 山鼻9条
70%
札幌市交通局 東豊線 北13条東
60%
札幌市交通局 南北線 北18条
60%
札幌市交通局 東西線 西11丁目
60%
札幌市交通局 東西線 西28丁目
60%
札幌市交通局 東西線 二十四軒
60%
JR北海道 函館本線 二股
60%
札幌市交通局 南北線 北34条
60%
札幌市交通局 東豊線 北13条東
60%
札幌市交通局 南北線 北34条
60%
札幌市交通局 東西線 二十四軒
60%
JR北海道 函館本線藤城線 七飯
60%
道南いさりび鉄道 道南いさりび鉄道線 七重浜
60%
札幌市交通局 東西線 南郷7丁目
60%
札幌市交通局 東西線 西28丁目
60%
札幌市交通局 一条線山鼻西線 西15丁目
50%
札幌市交通局 山鼻線 山鼻19条
50%
札幌市交通局 一条線 山鼻西線 西15丁目
50%
札幌市交通局 東西線 西18丁目
50%
札幌市交通局 一条線 西8丁目
50%
JR北海道 函館本線 八雲
50%
札幌市交通局 山鼻線 山鼻19条
50%
札幌市交通局 一条線 西4丁目
40%
函館市交通局 湯の川線 五稜郭公園前
40%
札幌市交通局 山鼻西線 西線11条
30%
札幌市交通局 山鼻西線 西線14条
30%
札幌市交通局 山鼻西線 西線16条
30%
札幌市交通局 山鼻西線 西線14条
30%
札幌市交通局 山鼻西線 西線16条
30%
札幌市交通局 南北線 北18条
30%
札幌市交通局 山鼻西線 西線9条旭山公園通
30%
札幌市交通局 東西線 西18条
20%
JR北海道 室蘭本線 三川
20%
札幌市交通局 山鼻西線 西線6条
20%
No matching quizzes found
Score Distribution
Percent of People with Each Score
Percentile by Number Answered
Your Score History
You have not taken this quiz